[Event "Campeonato de Aragon por Equipos 2024 - "]
[Site "?"]
[Date "2024.03.16"]
[Round "8.8"]
[White "Ereza Vizcarra, Fernando"]
[Black "Adla, Diego"]
[Result "0-1"]
[WhiteElo "2121"]
[BlackElo "2350"]
[PlyCount "84"]
[GameId "2166508137574960"]
[EventDate "2024.01.27"]
[WhiteTeam "Jaque - Aramovil"]
[BlackTeam "MyInvestor Casablanca A"]

1. d4 Nf6 2. Nf3 e6 3. g3 b6 4. Bg2 Bb7 5. O-O c5 6. e3 Be7 7. b3 O-O 8. Bb2 Qc7 9. Na3 a6 10. Rc1 d6 11. c4 Nbd7 12. Qe2 Rfe8 13. Rfd1 Bf8 14. Nb1 cxd4 15. Bxd4 Rac8 16. Bb2 Qb8 17. Nbd2 Qa8 18. Qf1 Rc7 19. Ne1 Rec8 20. Bxb7 Qxb7 21. Qg2 d5 22. Nd3 b5 23. cxd5 Nxd5 24. Nf4 Rxc1 25. Bxc1 Rc2 26. Nf1 N7f6 27. Bd2 Rxa2 28. Bc3 Qc8 29. Bxf6 Nxf6 30. g4 e5 31. Nd3 e4 32. Ne5 Qe6 33. g5 Qxe5 34. gxf6 Qxf6 35. Ng3 Qf3 36. Rb1 Rd2 37. Nxe4 Rd1+ 38. Rxd1 Qxd1+ 39. Qf1 Qxb3 40. h4 Qe6 41. Qg2 h6 42. h5 b4 0-1

[Event "Campeonato de Aragon por Equipos 2024 - "]
[Site "?"]
[Date "2024.03.16"]
[Round "8.9"]
[White "Fernandez Guillen, Ernesto J"]
[Black "Romero Pallares, Daniel"]
[Result "1-0"]
[WhiteElo "2465"]
[BlackElo "2231"]
[PlyCount "133"]
[GameId "2166508137615921"]
[EventDate "2024.01.27"]
[WhiteTeam "Marcos Frechin A"]
[BlackTeam "Palacio De Pioneros"]

1. Nf3 Nf6 2. g3 d5 3. Bg2 e6 4. O-O Bd6 5. d4 h6 6. b3 O-O 7. Bb2 b6 8. Ne5 Bb7 9. Nd2 c5 10. e3 Qc7 11. f4 Nc6 12. g4 Ne7 13. Rc1 b5 14. dxc5 Bxc5 15. Qe2 Ne4 16. Ndf3 b4 17. Nd4 Rad8 18. Bxe4 dxe4 19. c3 Bxd4 20. cxd4 Qa5 21. Rc5 Qxa2 22. Ra1 Qxb3 23. Rxa7 Rb8 24. Nd7 Nc6 25. Ra1 Ra8 26. Nxf8 Rxa1+ 27. Bxa1 Qb1+ 28. Qf1 Qxf1+ 29. Kxf1 Kxf8 30. Ke1 Ke7 31. d5 exd5 32. Rxd5 f6 33. f5 Ne5 34. Rb5 Bc6 35. Rb6 Nd3+ 36. Kd2 Kd6 37. Rb8 Nf2 38. h3 Bd5 39. Rxb4 Nxh3 40. Ke2 Ng5 41. Ra4 Bf7 42. Ra7 h5 43. gxh5 Bxh5+ 44. Kf2 Bg4 45. Rxg7 Bxf5 46. Bxf6 Ne6 47. Ra7 Bg4 48. Be7+ Kc6 49. Ra6+ Kd5 50. Ra5+ Kc6 51. Re5 Kd7 52. Rxe4 Bf5 53. Re5 Bg6 54. Ba3 Bf7 55. e4 Bg6 56. Ke3 Bf7 57. Rd5+ Kc6 58. Rd2 Kc7 59. Kf3 Be8 60. Kg3 Bg6 61. Rd6 Bf7 62. Kg4 Nd8 63. Kf5 Bg8 64. Kf6 Ba2 65. e5 Bb3 66. Bc5 Nc6 67. e6 1-0

[Event "Campeonato de Aragon por Equipos 2024 - "]
[Site "?"]
[Date "2024.03.16"]
[Round "8.10"]
[White "Garcia Gracia, Victor Hugo"]
[Black "Hinojar Basa, Alfonso"]
[Result "1/2-1/2"]
[WhiteElo "2034"]
[BlackElo "2186"]
[PlyCount "112"]
[GameId "2166508137652786"]
[EventDate "2024.01.27"]
[WhiteTeam "Palacio De Pioneros"]
[BlackTeam "Marcos Frechin A"]

1. e4 c5 2. Nf3 e6 3. d4 cxd4 4. Nxd4 Nc6 5. Nc3 Qc7 6. Be3 a6 7. Qd2 Nf6 8. O-O-O Be7 9. f3 b5 10. g4 Nxd4 11. Bxd4 Bb7 12. Kb1 Rc8 13. h4 b4 14. Na4 e5 15. Be3 O-O 16. h5 d5 17. g5 Nxe4 18. fxe4 d4 19. Bd3 dxe3 20. Qxe3 Qa5 21. b3 Bc6 22. Nb2 Bb5 23. g6 h6 24. gxf7+ Rxf7 25. Bc4 Bxc4 26. Nxc4 Qc7 27. Rd5 Bc5 28. Qh3 Bd4 29. Qe6 Kh8 30. Rc1 Rf6 31. Qg4 Rf4 32. Qe6 Rf6 33. Qh3 Rd8 34. Rf1 Rdf8 35. Rd1 Rf3 36. Qe6 Rf1 37. Kc1 R1f6 38. Qg4 Rf4 39. Qg6 Qe7 40. Nd6 R8f6 41. Qe8+ Qxe8 42. Nxe8 Rc6 43. Rd8 Rf8 44. Rd3 Kh7 45. Rg3 Rf7 46. Rg2 a5 47. Kd1 g5 48. Nd6 Rf1+ 49. Kd2 Rh1 50. Nf5 Bc3+ 51. Ke2 Rxh5 52. Rd7+ Kh8 53. Rf2 Rh1 54. Rd8+ Kh7 55. Rd7+ Kh8 56. Rd8+ Kh7 1/2-1/2

[Event "Campeonato de Aragon por Equipos 2024 - "]
[Site "?"]
[Date "2024.03.16"]
[Round "8.11"]
[White "Miranda Herrera, Jorge Manuel"]
[Black "Climente Martinez, Jose Luis"]
[Result "1/2-1/2"]
[WhiteElo "2133"]
[BlackElo "1953"]
[PlyCount "90"]
[GameId "2166508137693747"]
[EventDate "2024.01.27"]
[WhiteTeam "Marcos Frechin A"]
[BlackTeam "Palacio De Pioneros"]

1. e4 e6 2. d4 d5 3. Nd2 c5 4. Ngf3 Nf6 5. e5 Nfd7 6. c3 Nc6 7. Be2 Qb6 8. Nb3 a5 9. a4 cxd4 10. cxd4 Bb4+ 11. Kf1 O-O 12. Ng5 h6 13. h4 Ne7 14. Qd3 f5 15. Nh3 Qc6 16. Nf4 b6 17. Qg3 Ba6 18. Bxa6 Rxa6 19. Nh5 Rf7 20. Bxh6 f4 21. Bxf4 Qc4+ 22. Kg1 Nf5 23. Qh3 Nxd4 24. Nxd4 Qxd4 25. Qxe6 Nf8 26. Qg4 Bc5 27. Nf6+ Rxf6 28. exf6 Qxf6 29. Re1 Ra7 30. Rh3 Qxb2 31. Qe2 Qd4 32. Qd2 Qc4 33. Ra1 Rf7 34. Rf3 Ng6 35. g3 Ne5 36. Rc3 Qe4 37. Re1 Nf3+ 38. Rxf3 Qxf3 39. Re8+ Rf8 40. Rxf8+ Kxf8 41. Qc2 d4 42. Qf5+ Kg8 43. Qe6+ Kh8 44. Qc8+ Kh7 45. Qf5+ Kg8 1/2-1/2

[Event "Campeonato de Aragon por Equipos 2024 - "]
[Site "?"]
[Date "2024.03.16"]
[Round "8.12"]
[White "Dan, Teodor"]
[Black "Moya Gimeno, Raul"]
[Result "0-1"]
[WhiteElo "2053"]
[BlackElo "1985"]
[PlyCount "64"]
[GameId "2166508137730612"]
[EventDate "2024.01.27"]
[WhiteTeam "Palacio De Pioneros"]
[BlackTeam "Marcos Frechin A"]

1. d4 Nf6 2. c4 g6 3. Nc3 Bg7 4. e4 d6 5. Nf3 O-O 6. Be2 e5 7. O-O Nc6 8. d5 Ne7 9. b4 a5 10. Ba3 b6 11. bxa5 Rxa5 12. Bb4 Ra8 13. a4 Ne8 14. Re1 Kh8 15. Nd2 f5 16. f3 Bh6 17. Bf1 f4 18. Nb5 g5 19. Nb3 Ng6 20. a5 g4 21. Nd2 Nh4 22. fxg4 f3 23. Nxf3 Bxg4 24. Be2 Bxf3 25. Bxf3 Rxf3 26. Qxf3 Nxf3+ 27. gxf3 bxa5 28. Bxa5 Qf6 29. Kg2 Bf4 30. Bxc7 Rxa1 31. Rxa1 Nxc7 32. Nxc7 Qg7+ 0-1

[Event "Campeonato de Aragon por Equipos 2024 - "]
[Site "?"]
[Date "2024.03.16"]
[Round "8.13"]
[White "Portero Garnica, Miguel Angel"]
[Black "Guzman Moneo, Alberto"]
[Result "1-0"]
[WhiteElo "2025"]
[BlackElo "2190"]
[PlyCount "63"]
[GameId "2166508137775669"]
[EventDate "2024.01.27"]
[WhiteTeam "Marcos Frechin B"]
[BlackTeam "Helios"]

1. e4 c5 2. Nf3 Nc6 3. d4 cxd4 4. Nxd4 Nf6 5. Nc3 d6 6. Be2 e5 7. Nb3 Be7 8. O-O O-O 9. f4 a6 10. a4 b6 11. Bf3 Bb7 12. Be3 Rc8 13. f5 Nb4 14. a5 b5 15. Qd2 Nxc2 16. Bb6 Qe8 17. Qxc2 b4 18. Rfe1 bxc3 19. bxc3 Qc6 20. Rac1 Qa4 21. c4 d5 22. exd5 Bxd5 23. Bxd5 Nxd5 24. c5 Bg5 25. Ra1 Qc6 26. Qd3 Nf4 27. Qe4 Qb5 28. Rab1 g6 29. Nd4 Qd7 30. Nf3 Bf6 31. Rbd1 gxf5 32. Qxf4 1-0

[Event "Campeonato de Aragon por Equipos 2024 - "]
[Site "?"]
[Date "2024.03.16"]
[Round "8.14"]
[White "Eizaguerri Floris, Maria"]
[Black "Perez Tomas, Juan Manuel"]
[Result "1/2-1/2"]
[WhiteElo "2186"]
[BlackElo "1908"]
[PlyCount "116"]
[GameId "2166508137816630"]
[EventDate "2024.01.27"]
[WhiteTeam "Helios"]
[BlackTeam "Marcos Frechin B"]

1. d4 d5 2. Nf3 e6 3. g3 Nf6 4. Bg2 Be7 5. O-O O-O 6. c4 c6 7. Qc2 b6 8. Rd1 Ba6 9. b3 Nbd7 10. Bb2 Rc8 11. Nbd2 c5 12. dxc5 Bxc5 13. Rac1 dxc4 14. bxc4 Qc7 15. e3 Rfd8 16. Qc3 Bb7 17. Nb3 Bf8 18. Nbd4 Ne4 19. Qc2 Nd6 20. Ng5 Nf6 21. Nc6 Bxc6 22. Bxf6 g6 23. Bxd8 Rxd8 24. Bxc6 Qxc6 25. Ne4 Nxe4 26. Rxd8 Ng5 27. e4 Nxe4 28. f3 Ng5 29. Qg2 Nxf3+ 30. Kf2 Qc5+ 31. Ke2 Nd4+ 32. Kd1 Nf5 33. Qe2 Kg7 34. g4 Qg1+ 35. Kc2 Nd4+ 36. Rxd4 Qxd4 37. Rd1 Qc5 38. Qd3 Kg8 39. Qc3 h5 40. gxh5 Qxh5 41. Rd2 Bg7 42. Rd8+ Kh7 43. Qd2 Qf5+ 44. Kb3 Qb1+ 45. Ka3 Bh6 46. Qb4 Bc1+ 47. Ka4 Qxa2+ 48. Kb5 Qxh2 49. Qf8 Qe5+ 50. Ka6 Qg7 51. Qe7 Be3 52. Rf8 Bg5 53. Qxf7 Qxf7 54. Rxf7+ Kh6 55. Rxa7 Be3 56. Re7 Kh5 57. Rxe6 Bc5 58. Rxb6 Bxb6 1/2-1/2

[Event "Campeonato de Aragon por Equipos 2024 - "]
[Site "?"]
[Date "2024.03.16"]
[Round "8.15"]
[White "Prats Fares, Nahuel"]
[Black "Cerrajeria Ruiz, Jesus Maria"]
[Result "0-1"]
[WhiteElo "1806"]
[BlackElo "2030"]
[PlyCount "92"]
[GameId "2166508137919031"]
[EventDate "2024.01.27"]
[WhiteTeam "Marcos Frechin B"]
[BlackTeam "Helios"]

1. e4 c5 2. Nc3 g6 3. d4 cxd4 4. Qxd4 Nf6 5. Be3 Nc6 6. Qd2 d6 7. f3 Be6 8. O-O-O Qa5 9. Kb1 Bg7 10. Nge2 O-O 11. Nf4 Rfc8 12. Nxe6 fxe6 13. Bc4 Nd8 14. Bb3 b5 15. Ne2 Qxd2 16. Rxd2 Nd7 17. Nd4 Bxd4 18. Bxd4 Nc5 19. h4 Nxb3 20. axb3 e5 21. Be3 Ne6 22. Rc1 a6 23. c4 Nc5 24. Bxc5 Rxc5 25. Rd5 Rac8 26. Rxc5 Rxc5 27. cxb5 Rxc1+ 28. Kxc1 axb5 29. Kd2 e6 30. Kc3 d5 31. f4 dxe4 32. fxe5 g5 33. h5 g4 34. Kd4 Kg7 35. Kxe4 Kh6 36. Kd4 Kxh5 37. Kc5 Kg5 38. Kxb5 h5 39. Ka6 h4 40. b4 h3 41. gxh3 gxh3 42. b5 h2 43. b6 h1=Q 44. b7 Qa1+ 45. Kb6 Qxb2+ 46. Kc7 Qxe5+ 0-1

[Event "Campeonato de Aragon por Equipos 2024 - "]
[Site "?"]
[Date "2024.03.16"]
[Round "8.16"]
[White "Carraminana Lopez, Luis Antonio"]
[Black "Sanz Pueyo, Adrian"]
[Result "0-1"]
[WhiteElo "1913"]
[BlackElo "1849"]
[PlyCount "62"]
[GameId "2166508137955896"]
[EventDate "2024.01.27"]
[WhiteTeam "Helios"]
[BlackTeam "Marcos Frechin B"]

1. e4 e6 2. d4 d5 3. Nd2 Nf6 4. e5 Nfd7 5. Bd3 c5 6. c3 b6 7. a4 Ba6 8. Bb5 Be7 9. Qg4 O-O 10. Ndf3 f5 11. Qg3 cxd4 12. cxd4 Bb4+ 13. Kf1 Kh8 14. Ne2 Qe8 15. Ng5 Bxb5 16. axb5 h6 17. h4 Rg8 18. Qd3 g6 19. Ra4 a5 20. Nf4 hxg5 21. hxg5+ Kg7 22. Rh6 Nf8 23. b3 Kf7 24. g4 Qc8 25. Bd2 Bxd2 26. Qxd2 fxg4 27. Ra1 Ra7 28. Ng2 Kg7 29. Qf4 Rf7 30. Qh2 Qc3 31. Rh7+ Nxh7 0-1

[Event "Campeonato de Aragon por Equipos 2024 - "]
[Site "?"]
[Date "2024.03.16"]
[Round "8.17"]
[White "Llanes Luno, Ricardo"]
[Black "Lopez Gracia, Fernando"]
[Result "1-0"]
[WhiteElo "2131"]
[BlackElo "2225"]
[PlyCount "77"]
[GameId "2166508137988665"]
[EventDate "2024.01.27"]
[WhiteTeam "Delicias"]
[BlackTeam "Iberajedrez Mundo 64"]

1. e4 d5 2. exd5 Qxd5 3. Nc3 Qa5 4. g3 Nf6 5. Bg2 c6 6. Nge2 Bf5 7. b4 Qc7 8. O-O e6 9. b5 Be7 10. d3 O-O 11. h3 cxb5 12. Nxb5 Qd7 13. Nbd4 Bg6 14. Rb1 Nc6 15. Nxc6 bxc6 16. Bd2 Rac8 17. Nf4 c5 18. Rb7 Rc7 19. Rxc7 Qxc7 20. Qe2 c4 21. Nxg6 hxg6 22. dxc4 Rc8 23. Rb1 Qxc4 24. Qxc4 Rxc4 25. Be3 Rxc2 26. Rb7 Bc5 27. Rc7 Nd7 28. Rxd7 Bxe3 29. fxe3 Rxa2 30. Bc6 g5 31. Rb7 a5 32. Be8 Re2 33. Bxf7+ Kf8 34. Kf1 Rxe3 35. Kf2 Rc3 36. Bxe6 a4 37. Rf7+ Ke8 38. Rxg7 a3 39. Rxg5 1-0

[Event "Campeonato de Aragon por Equipos 2024 - "]
[Site "?"]
[Date "2024.03.16"]
[Round "8.18"]
[White "Villalba Embid, Marcos"]
[Black "Lamas Mercadal, Manuel"]
[Result "1/2-1/2"]
[WhiteElo "2069"]
[BlackElo "2067"]
[PlyCount "32"]
[GameId "2166508138029626"]
[EventDate "2024.01.27"]
[WhiteTeam "Iberajedrez Mundo 64"]
[BlackTeam "Delicias"]

1. c4 e5 2. Nc3 Bb4 3. Nd5 Be7 4. d4 d6 5. Nf3 e4 6. Nd2 f5 7. e3 Nf6 8. f3 exf3 9. Qxf3 c6 10. Nxe7 Qxe7 11. Bd3 O-O 12. O-O d5 13. Nb3 Ne4 14. Bd2 Be6 15. Bxe4 dxe4 16. Qe2 Nd7 1/2-1/2

[Event "Campeonato de Aragon por Equipos 2024 - "]
[Site "?"]
[Date "2024.03.16"]
[Round "8.19"]
[White "Llanes Luno, Pedro Alfredo"]
[Black "Garcia Acin, Pablo"]
[Result "0-1"]
[WhiteElo "2061"]
[BlackElo "1973"]
[PlyCount "78"]
[GameId "2166508138062395"]
[EventDate "2024.01.27"]
[WhiteTeam "Delicias"]
[BlackTeam "Iberajedrez Mundo 64"]

1. e4 c5 2. Nf3 d6 3. Nc3 Nf6 4. d4 cxd4 5. Nxd4 a6 6. Be3 e5 7. Nb3 Be7 8. Be2 O-O 9. g4 Be6 10. g5 Nfd7 11. Qd2 Nc5 12. O-O-O Nbd7 13. Kb1 b5 14. f3 Nb6 15. Nxc5 dxc5 16. Nd5 Bxd5 17. exd5 Bd6 18. Bd3 c4 19. Be4 b4 20. Qf2 Na4 21. f4 Qa5 22. Bxh7+ Kxh7 23. f5 Rh8 24. g6+ Kg8 25. f6 fxg6 26. Rhf1 Qc7 27. Bg5 Rf8 28. Qg2 Qb7 29. Ka1 Nc5 30. Rf2 b3 31. cxb3 cxb3 32. Rdf1 Rh7 33. f7+ Kh8 34. Rf3 Qxd5 35. Qh3 Qe6 36. Qg2 bxa2 37. Qc2 a5 38. Be3 Nb3+ 39. Kxa2 Nd4+ 0-1

[Event "Campeonato de Aragon por Equipos 2024 - "]
[Site "?"]
[Date "2024.03.16"]
[Round "8.20"]
[White "Vela Frago, Alberto"]
[Black "Lopez Caudevilla, David"]
[Result "1-0"]
[WhiteElo "2212"]
[BlackElo "2185"]
[PlyCount "57"]
[GameId "2166508138099260"]
[EventDate "2024.01.27"]
[WhiteTeam "MyInvestor Casablanca B"]
[BlackTeam "Actur Rey Fernando"]

1. d4 g6 2. c4 Bg7 3. Nc3 d6 4. e4 Nd7 5. Nf3 Ngf6 6. Be2 e5 7. dxe5 dxe5 8. b4 O-O 9. Qc2 a5 10. b5 b6 11. O-O Bb7 12. Rd1 Qc8 13. Nd2 Re8 14. Ba3 c5 15. bxc6 Qxc6 16. c5 Rec8 17. Nd5 Qe6 18. c6 Rxc6 19. Ne7+ Qxe7 20. Qxc6 Nc5 21. Qxb6 Rc8 22. Rac1 Na4 23. Rxc8+ Bxc8 24. Qb3 Qe8 25. Bb5 Bd7 26. Bxd7 Qxd7 27. Nc4 Qe8 28. Nd6 Qd7 29. Nb5 1-0

[Event "Campeonato de Aragon por Equipos 2024 - "]
[Site "?"]
[Date "2024.03.16"]
[Round "8.21"]
[White "Abos Rosico, Antonio"]
[Black "Lorente Melcon, Maximo"]
[Result "0-1"]
[WhiteElo "2061"]
[BlackElo "2099"]
[PlyCount "114"]
[GameId "2166508138136125"]
[EventDate "2024.01.27"]
[WhiteTeam "Actur Rey Fernando"]
[BlackTeam "MyInvestor Casablanca B"]

1. e4 e5 2. Nf3 Nc6 3. Bb5 Nf6 4. d3 Bc5 5. Bxc6 dxc6 6. Nbd2 Be6 7. O-O Nd7 8. Nb3 Bb6 9. Ng5 Bxb3 10. axb3 Qe7 11. Kh1 h6 12. Nf3 O-O 13. Nd2 Rad8 14. Nc4 Bc5 15. Qg4 Qe6 16. Qxe6 fxe6 17. f4 Rf7 18. g3 Rdf8 19. b4 Bxb4 20. Rxa7 b5 21. Na5 Nb8 22. Ra8 Bd6 23. c3 c5 24. c4 c6 25. Kg2 Kh7 26. Re1 exf4 27. e5 f3+ 28. Kf2 Bc7 29. b3 Rf5 30. g4 R5f7 31. Be3 Bd8 32. Bxc5 Bh4+ 33. Kf1 Bxe1 34. Bxf8 Bxa5 35. Rxb8 bxc4 36. dxc4 Kg6 37. Bd6 Bc3 38. b4 Bd4 39. Ra8 Kg5 40. h3 Kh4 41. b5 Rb7 42. Ra3 Kg3 43. Rd3 c5 44. Ra3 g6 45. Bf8 h5 46. gxh5 gxh5 47. Bh6 Bxe5 48. Be3 Rd7 49. Bf2+ Kf4 50. b6 Rd1+ 51. Be1 Rb1 52. Rd3 Bd4 53. b7 Rxb7 54. Rd1 Rb2 55. Bd2+ Be3 56. Ba5 Rg2 57. Bc7+ e5 0-1

[Event "Campeonato de Aragon por Equipos 2024 - "]
[Site "?"]
[Date "2024.03.16"]
[Round "8.22"]
[White "Felipo Martinez, Marcos"]
[Black "Leon Dionis, Mateo"]
[Result "0-1"]
[WhiteElo "2033"]
[BlackElo "1830"]
[PlyCount "66"]
[GameId "2166508138172990"]
[EventDate "2024.01.27"]
[WhiteTeam "MyInvestor Casablanca B"]
[BlackTeam "Actur Rey Fernando"]

1. c4 c6 2. Nc3 d5 3. cxd5 cxd5 4. d4 Nf6 5. Bf4 a6 6. e3 Nc6 7. Rc1 e6 8. Bd3 h6 9. a3 Bd6 10. Bxd6 Qxd6 11. f4 g5 12. g3 gxf4 13. gxf4 Rg8 14. Qe2 Bd7 15. Nf3 Nh5 16. Ne5 Nf6 17. Qf2 Qe7 18. Rg1 O-O-O 19. Ne2 Kb8 20. Qh4 Nxe5 21. fxe5 Rxg1+ 22. Nxg1 Ng8 23. Qf2 Rc8 24. Rxc8+ Kxc8 25. Bh7 Qf8 26. Bxg8 Qxg8 27. Nh3 Qg6 28. Kf1 Bb5+ 29. Ke1 Qb1+ 30. Kd2 Qxb2+ 31. Kd1 Ba4+ 32. Ke1 Qc1+ 33. Ke2 Qd1# 0-1

[Event "Campeonato de Aragon por Equipos 2024 - "]
[Site "?"]
[Date "2024.03.16"]
[Round "8.23"]
[White "Garcia Alvarez, Sergio"]
[Black "Miranda Herrera, Belen"]
[Result "0-1"]
[WhiteElo "1938"]
[BlackElo "1911"]
[PlyCount "80"]
[GameId "2166508138209855"]
[EventDate "2024.01.27"]
[WhiteTeam "Actur Rey Fernando"]
[BlackTeam "MyInvestor Casablanca B"]

1. g3 d5 2. Bg2 e5 3. d3 Nc6 4. e3 Nf6 5. h3 Be6 6. Nd2 a5 7. a3 a4 8. Ne2 Qd7 9. Kf1 Bd6 10. Kg1 O-O 11. Kh2 Rfe8 12. Rf1 e4 13. Nf4 Bxf4 14. gxf4 Bf5 15. dxe4 Nxe4 16. Nxe4 Bxe4 17. f3 Bf5 18. e4 dxe4 19. fxe4 Qxd1 20. Rxd1 Bxe4 21. Rd7 Bxg2 22. Kxg2 Re2+ 23. Kg3 Rxc2 24. Rxc7 Nd4 25. Rxc2 Nxc2 26. Rb1 Rd8 27. b3 Rd3+ 28. Kg4 axb3 29. Rb2 Ne3+ 30. Kh4 Nc4 31. Re2 Kf8 32. f5 Rc3 33. Bd2 Nxd2 34. Rxd2 Ke7 35. Rd4 b5 36. Rd5 b4 37. f6+ Kxf6 38. Rd2 bxa3 39. Kh5 a2 40. h4 Rc5+ 0-1

[Event "Campeonato de Aragon por Equipos 2024 - "]
[Site "?"]
[Date "2024.03.16"]
[Round "8.24"]
[White "Arrieta Restrepo, Steven"]
[Black "Van Ojik, Mark"]
[Result "1/2-1/2"]
[WhiteElo "2076"]
[BlackElo "2216"]
[PlyCount "54"]
[GameId "2166508138246720"]
[EventDate "2024.01.27"]
[WhiteTeam "Monzon"]
[BlackTeam "ONCE C. A. Aragon"]

1. e4 e5 2. Nf3 Nc6 3. Bb5 a6 4. Ba4 Nf6 5. O-O b5 6. Bb3 d6 7. h3 Be7 8. d3 O-O 9. c3 Bb7 10. Re1 Qd7 11. Nbd2 Rae8 12. Nf1 Bd8 13. Ng3 Ne7 14. d4 Ng6 15. Bg5 exd4 16. Bxf6 Bxf6 17. cxd4 c5 18. dxc5 Bxb2 19. Rb1 Ba3 20. cxd6 Qxd6 21. Qxd6 Bxd6 22. Nf5 Bb8 23. Bd5 Bc8 24. a4 Bxf5 25. exf5 Ne7 26. Bb7 bxa4 27. Bxa6 Nxf5 1/2-1/2

[Event "Campeonato de Aragon por Equipos 2024 - "]
[Site "?"]
[Date "2024.03.16"]
[Round "8.25"]
[White "Laliena Solanes, Luis"]
[Black "Barranco Mananet, Fernando"]
[Result "1-0"]
[WhiteElo "2151"]
[BlackElo "2046"]
[PlyCount "59"]
[GameId "2166508138340929"]
[EventDate "2024.01.27"]
[WhiteTeam "ONCE C. A. Aragon"]
[BlackTeam "Monzon"]

1. d4 Nf6 2. c4 e6 3. Nf3 d5 4. Nc3 Bb4 5. Qa4+ Nc6 6. e3 Ne4 7. Qc2 O-O 8. Bd3 f5 9. a3 Be7 10. cxd5 Nxc3 11. dxc6 Nd5 12. Ne5 Bd6 13. O-O Ne7 14. cxb7 Bxb7 15. Nf3 Bxf3 16. gxf3 e5 17. dxe5 Bxe5 18. f4 Bd6 19. Bd2 Qd7 20. Qc4+ Kh8 21. Bc3 Ng6 22. Kh1 Rad8 23. Be2 Rde8 24. Rg1 Qf7 25. Qxf7 Rxf7 26. Bh5 Re6 27. Rad1 Kg8 28. Be2 Re4 29. Bd3 Ree7 30. Bc4 1-0

[Event "Campeonato de Aragon por Equipos 2024 - "]
[Site "?"]
[Date "2024.03.16"]
[Round "8.26"]
[White "Hidalgo Gracia, Andres"]
[Black "Gavin Roche, Enrique"]
[Result "0-1"]
[WhiteElo "1916"]
[BlackElo "2150"]
[PlyCount "69"]
[GameId "2166508138385986"]
[EventDate "2024.01.27"]
[WhiteTeam "Monzon"]
[BlackTeam "ONCE C. A. Aragon"]

1. Nf3 d5 2. d4 Nf6 3. e3 e6 4. Bd3 c5 5. c3 Nc6 6. Nbd2 Bd6 7. O-O O-O 8. Qe2 e5 9. dxc5 Bxc5 10. e4 d4 11. Nb3 Bb6 12. cxd4 Nxd4 13. Nbxd4 Bxd4 14. Nxd4 Qxd4 15. Be3 Qa4 16. Bc5 Rd8 17. Be7 Rd4 18. Bc5 Rd8 19. b3 Qa5 20. b4 Qa3 21. Bc4 Bg4 22. f3 Be6 23. Bxe6 fxe6 24. Qc4 Kf7 25. f4 exf4 26. Rxf4 b6 27. e5 bxc5 28. exf6 Qe3+ 29. Kh1 Rd4 30. Rxd4 Qxd4 31. Rc1 Qxc4 32. Rxc4 cxb4 33. fxg7 a5 34. Rc7+ Kg8 35. h3 0-1

[Event "Campeonato de Aragon por Equipos 2024 - "]
[Site "?"]
[Date "2024.03.16"]
[Round "8.27"]
[White "Sanz Lopez, Ruben"]
[Black "Rodriguez Aranda, Kevin"]
[Result "1-0"]
[WhiteElo "1853"]
[BlackElo "1835"]
[PlyCount "49"]
[GameId "2166508138529347"]
[EventDate "2024.01.27"]
[WhiteTeam "ONCE C. A. Aragon"]
[BlackTeam "Monzon"]

1. d4 d5 2. Nf3 Nf6 3. e3 Bf5 4. c4 c6 5. cxd5 cxd5 6. Qb3 Qc7 7. Nc3 e6 8. Nh4 Bg6 9. Bd2 a6 10. Nxg6 hxg6 11. Bd3 Nc6 12. O-O-O Bd6 13. h4 Ng4 14. Be1 Rc8 15. Kb1 b5 16. Rc1 Ke7 17. g3 Qb8 18. Be2 Nf6 19. Bd3 Na5 20. Nxd5+ exd5 21. Bxa5 Qb7 22. Rxc8 Rxc8 23. Rc1 Rxc1+ 24. Kxc1 Qc6+ 25. Qc2 1-0

[Event "Campeonato de Aragon por Equipos 2024 - "]
[Site "?"]
[Date "2024.03.16"]
[Round "8.28"]
[White "Lana Rodriguez, David"]
[Black "Ramon Perez, Jose Luis"]
[Result "1-0"]
[WhiteElo "2330"]
[BlackElo "2167"]
[PlyCount "81"]
[GameId "2166508138566212"]
[EventDate "2024.01.27"]
[WhiteTeam "Teruel"]
[BlackTeam "Fraga"]

1. d4 Nf6 2. Bg5 c5 3. e3 e6 4. Nf3 Nc6 5. c3 h6 6. Bh4 b6 7. Bd3 Bb7 8. O-O Be7 9. Nbd2 d6 10. a3 O-O 11. Rc1 Re8 12. Bb1 e5 13. Qc2 g6 14. Ba2 Kg7 15. Qb3 Rf8 16. dxe5 Nxe5 (16... dxe5) 17. Nxe5 dxe5 18. Rfd1 Nh5 19. Nf3 Qc7 20. Bg3 Nxg3 21. hxg3 Bd6 22. Rd2 e4 23. Rcd1 Rad8 24. Nh2 Ba6 25. Qa4 Bb7 26. Bd5 Bxd5 27. Rxd5 f5 28. Nf1 Rf6 29. g4 Rdf8 30. gxf5 gxf5 31. Ng3 Kg6 32. Nxf5 Rxf5 33. Rxd6+ R8f6 34. Rxf6+ Kxf6 35. Qxe4 h5 36. Qe8 Re5 37. Qh8+ Kf5 38. Qxh5+ Kf6 39. Qh6+ Kf5 40. Rd6 Qf7 41. Qf4# 1-0

[Event "Campeonato de Aragon por Equipos 2024 - "]
[Site "?"]
[Date "2024.03.16"]
[Round "8.29"]
[White "Vallverdu Miret, Oscar"]
[Black "Dominguez Bujeda, Jesus"]
[Result "1/2-1/2"]
[WhiteElo "2085"]
[BlackElo "2063"]
[PlyCount "38"]
[GameId "2166508138603077"]
[EventDate "2024.01.27"]
[WhiteTeam "Fraga"]
[BlackTeam "Teruel"]

1. d4 d5 2. Bf4 c5 3. e3 Nc6 4. c3 Qb6 5. Qb3 c4 6. Qc2 e5 7. dxe5 Bf5 8. Qc1 g5 9. Bg3 Bg7 10. Nf3 Nge7 11. Be2 h5 12. Nxg5 h4 13. Bf4 Nxe5 14. Bxe5 Bxe5 15. Nf3 Bf6 16. Nbd2 Rg8 17. Rg1 Qd6 18. Qd1 b5 19. g3 O-O-O 1/2-1/2

[Event "Campeonato de Aragon por Equipos 2024 - "]
[Site "?"]
[Date "2024.03.16"]
[Round "8.30"]
[White "Gomez Calomarde, Saul"]
[Black "Aribau Rivas, Miguel Angel"]
[Result "1-0"]
[WhiteElo "2008"]
[BlackElo "2021"]
[PlyCount "105"]
[GameId "2166508138648134"]
[EventDate "2024.01.27"]
[WhiteTeam "Teruel"]
[BlackTeam "Fraga"]

1. d4 Nf6 2. Bf4 d5 3. e3 e6 4. Nd2 Bd6 5. Ngf3 O-O 6. Bd3 b6 7. c3 Bb7 8. Qc2 Bxf4 9. exf4 c5 10. O-O Nc6 11. dxc5 bxc5 12. Rfe1 Re8 13. Ne5 Qb6 14. Ndf3 h6 15. Rad1 c4 16. Bf1 Rab8 17. g4 Nxe5 18. fxe5 Ne4 19. Nd4 Ba8 20. Re2 Rec8 21. f3 Nc5 22. Rg2 Bc6 23. Qf2 Be8 24. h4 Qc7 25. Qe3 Rb6 26. h5 Qe7 27. Rdd2 Rcb8 28. Kh1 Bd7 29. Rdf2 Be8 30. Kg1 Ra6 31. a3 Rab6 32. Qc1 Nb3 33. Nxb3 Rxb3 34. f4 Qc5 35. Kh2 d4 36. cxd4 Qxd4 37. Qxc4 Qe3 38. Qe2 Qh3+ 39. Kg1 Rxb2 40. Qd3 Qxd3 41. Bxd3 R2b3 42. Rg3 Rxa3 43. Bh7+ Kxh7 44. Rxa3 Rb1+ 45. Kh2 Bc6 46. Rxa7 Rh1+ 47. Kg3 Rg1+ 48. Kh3 Rh1+ 49. Rh2 Rxh2+ 50. Kxh2 Kg8 51. Rc7 Bd5 52. Rc8+ Kh7 53. Rf8 1-0